000 00488pab a2200169 454500
008 180718b2000 xxu||||| |||| 00| 0 eng d
100 _aGupta, K.N.
245 _aEnforcement officers of Mumbai themselves in the dock for alleged violation of human rights - a NHRc case study
260 _c2000
300 _ap.13-19
362 _aOct
650 _aCase studies
650 _aHuman rights - India - Maharashtra
650 _aHuman rights
773 _aCBI Bulletin
909 _a47381
999 _c47381
_d47381